000 00869nam a2200217 a 4500
001 45442
003 BD-RjUL
005 20211209054020.0
008 160725s1967 th 0 eng d
035 _a(BD-RjUL)45560
040 _aABS
_beng
_cABS
_dABN-SNR
041 _aeng
082 _223
_a330.0112
_bSEC 1967
110 2 _aUnited Nations.
_bEconomic Commission for Asia and the Far East.
_9139130
245 1 0 _aSectoral aspects of long-term economic projections with special reference to Asia and the Far East :
_breport of the Fifth Group of Experts on Programming Techniques.
260 _aBangkok :
_bU.N., Economic Commission for Asia and the Far East,
_c1967.
300 _ax, 349p. :
_bill. ;
_c23 cm.
650 0 _aEconomic forecasting
_xMathematical models.
_9139124
942 _2ddc
_cBK
999 _c45442
_d45442